1030 1181 1708 1616 1295 1963 1211 1824 1262 1616 1879 1472 1326 1096 1495 1981 1615 1832 1307 1647 1388 1639 1692 1970 1206 1786 1926 1164 1241 1139 1201 1263 1282 1137 1541 1192 1394 1529 1294 1040 1084 1584 1084 1261 1009 1062 1520 1026 1419 1392 1950 1890 1416 1429 1918 1209 1296 1012 1543 1706 1674 1764 1093 1998 1955 1474 1975 1247 1783 1099 1146 1703 1103 1823 1989 1198 1296 1858 1753 1903 1244 1612 1740 1609 1536 1222 1017 1124 1640 1767 1474 1291 1928 1159 1002 1389 1439 1466 1861 BCNSPRNW ULIB Ver.6.0+V

เปลี่ยนเป็นภาษาไทย

Change to English
 แสดงรายละเอียดบรรณานุกรม
  กลับหน้าหลัก

Brief Record : Get Marc (ISO 2709) : E-mail record : QR code < ปิดหน้าต่าง
LEADER : 00000nam 2200000uu 4500
001    13399122492
003     ULIB
008    970409s2537 th m 000 0 tha d
020    ^a9745878642
099    ^aวพ.W84.6ส748ป
100 0  ^aสุจิตรา สิกขะมณฑล
245 10 ^aประสิทธิผลของงานสาธารณสุขมูลฐานของหมู่บ้านที่มีศูนย์สาธารณสุขมูลฐานชุมชน ในจังหวัดลำปาง ปี พ.ศ. 2536 =^bEffectiveness of primary health care program of villages with the Community Primary Health Care Center in Lampang province, B.E. 2536 /^cสุจิตรา สิกขะมณฑล
246 31 ^aEffectiveness of primary health care program of villages with the Community Primary Health Care Center in Lampang province, B.E. 2536
260    ^a^c2537
300    ^aก-ซ, 189 แผ่น ;^c30 ซม.
500    ^aSend to Single Search
502    ^aวิทยานิพนธ์ (วท.ม. (สาธารณสุขศาสตร์))--มหาวิทยาลัยมหิดล, 2537
610 24 ^aมหาวิทยาลัยมหิดล^xวิทยานิพนธ์
610 24 ^aมหาวิทยาลัยมหิดล. ^bคณะสาธารณสุขศาสตร์^xวิทยานิพนธ์
650  4 ^aศูนย์สาธารณสุขมูลฐานชุมชน^xองค์การและการบริหาร
650  4 ^aสาธารณสุขมูลฐาน^zลำปาง
650  4 ^aสาธารณสุขมูลฐาน
650  4 ^aสาธารณสุข, การบริหาร
691    ^aวท.ม. (2537)
692    ^aพยาบาลสาธารณสุข (มหาวิทยาลัยมหิดล 2537)
710 2  ^aมหาวิทยาลัยมหิดล
710 2  ^aมหาวิทยาลัยมหิดล. ^bคณะสาธารณสุขศาสตร์
710 22 ^aมหาวิทยาลัยมหิดล.^tวิทยานิพนธ์
710 22 ^aMahidol University.^tThesis
945    ^p0^l0^i023434
999    ^aกมลทิพย์ ธนสารสุธี
รายการนี้ยังไม่มีแท็ก
คุณยังไม่ได้ล็อกอิน คุณสามารถมีกิจกรรมร่วมกับเว็บไซต์ได้ แต่ต้องล็อกอินก่อน ::
  ล็อกอิน

รายการสื่อสารสนเทศ

ลำดับที่ ประเภท เลขเรียก/บาร์โค้ด สถานที่ สถานะ
1. วิทยานิพนธ์
วิทยานิพนธ์
วพ.W84.6ส748ป  
  Barcode: 023434
ห้องสมุดวิทยาเขตสวรรค์ประชารักษ์
► วิทยานิพนธ์
บนชั้น

รายการใกล้เคียง
    หัวเรื่อง [สาธารณสุขมูลฐาน]
    หัวเรื่อง [สาธารณสุข, การบริหาร]

BibComment


ยังไม่เคยถูกคอมเมนท์

คอมเมนท์ทรัพยากรรายการนี้
  คอมเมนท์: ประสิทธิผลของงาน..


 Copyright 2026. Bcnsprnw @Library